Matemáticas 4. Álgebra lineal, 2nd Edition (Registro nro. 229001)
[ vista simple ]
| 000 -LEADER | |
|---|---|
| fixed length control field | 01878nam#a2200265 4500 |
| 001 - CONTROL NUMBER | |
| control field | 9781456246518 |
| 003 - CONTROL NUMBER IDENTIFIER | |
| control field | VST |
| 005 - DATE AND TIME OF LATEST TRANSACTION | |
| control field | 20250425090630.0 |
| 006 - FIXED-LENGTH DATA ELEMENTS--ADDITIONAL MATERIAL CHARACTERISTICS | |
| fixed length control field | m o d |
| 007 - PHYSICAL DESCRIPTION FIXED FIELD--GENERAL INFORMATION | |
| fixed length control field | cr#un#---uucau |
| 008 - FIXED-LENGTH DATA ELEMENTS--GENERAL INFORMATION | |
| fixed length control field | 151110s2015 MEX eng d |
| 020 ## - INTERNATIONAL STANDARD BOOK NUMBER | |
| International Standard Book Number | 9781456246518 |
| 040 ## - CATALOGING SOURCE | |
| Original cataloging agency | VST |
| Transcribing agency | VST |
| Modifying agency | VST |
| 100 1# - MAIN ENTRY--PERSONAL NAME | |
| Personal name | Stanley Grossman |
| Relator term | author |
| 245 10 - TITLE STATEMENT | |
| Title | Matemáticas 4. Álgebra lineal, 2nd Edition |
| 250 ## - EDITION STATEMENT | |
| Edition statement | second edition |
| 260 ## - PUBLICATION, DISTRIBUTION, ETC. | |
| Place of publication, distribution, etc. | Mexico : |
| 264 #1 - PRODUCTION, PUBLICATION, DISTRIBUTION, MANUFACTURE, AND COPYRIGHT NOTICE | |
| Place of production, publication, distribution, manufacture | Mexico : |
| Name of producer, publisher, distributor, manufacturer | McGraw-Hill Interamericana, |
| Date of production, publication, distribution, manufacture, or copyright notice | 2015 |
| 300 ## - PHYSICAL DESCRIPTION | |
| Extent | 1 online resource |
| 336 ## - CONTENT TYPE | |
| Content type term | text |
| Content type code | txt |
| Source | rdacontent |
| 337 ## - MEDIA TYPE | |
| Media type term | computer |
| Media type code | c |
| Source | rdamedia |
| 520 ## - SUMMARY, ETC. | |
| Summary, etc. | Esta obra representa un aporte al desarrollo del pensamiento lógico y algorítmico del estudiante y viene a coronar el estudio del cálculo diferencial, integral y vectorial con una de las ramas más fascinantes y abstractas de las matemáticas: el álgebra lineal. En ella se estudian los conceptos que sirven de base para el estudio de cursos más avanzados de matemáticas como las ecuaciones diferenciales. En este curso se inicia con un repaso breve de los números complejos, para entrar de lleno con el estudio de los sistemas de ecuaciones lineales, las matrices y los determinantes, los formidables espacios vectoriales y las transformaciones lineales. Por la importancia del tema en materias posteriores y porque para algunos docentes no puede pasar desapercibido se incluye como un apéndice la sección valores característicos, vectores característicos y formas canónicas. Lo anterior permite el estudio de conceptos básicos pero esenciales para sustentar cualquier área de la ingeniería, lo que contribuye a desarrollar en el estudiante un pensamiento formal y heurístico que le permitirá modelar fenómenos y resolver problemas. |
| 856 40 - ELECTRONIC LOCATION AND ACCESS | |
| Uniform Resource Identifier | <a href="https://resolver.vitalsource.com/9781456246518">https://resolver.vitalsource.com/9781456246518</a> |
| 942 ## - ADDED ENTRY ELEMENTS (KOHA) | |
| Koha item type | Recurso Electrónico |
| Withdrawn status | Lost status | Damaged status | Not for loan | Collection | Home library | Current library | Date acquired | Total checkouts | Date last seen | Price effective from | Koha item type |
|---|---|---|---|---|---|---|---|---|---|---|---|
| Colección McGraw Hill | Biblioteca Digital UIN | Biblioteca Digital UIN | 04/25/2025 | 04/25/2025 | 04/25/2025 | Recurso Electrónico |